[Event "North Carolina op"]
[Site "Charlotte"]
[Date "2023.11.24"]
[Round "1"]
[White "Burnett, Ronald"]
[Black "Sperber, Jacob"]
[Result "1-0"]
[WhiteElo "2289"]
[BlackElo "1686"]
[PlyCount "44"]
[EventDate "2023.11.24"]
[EventType "swiss"]
[EventRounds "6"]
[EventCountry "USA"]
[SourceTitle "EXT 2025"]
[Source "ChessBase"]
[SourceDate "2024.10.14"]
[SourceVersion "1"]
[SourceVersionDate "2024.10.14"]
[SourceQuality "1"]

1. Nf3 b6 2. g3 Bb7 3. Bg2 c5 4. 0-0 Nf6 5. d3 d5 6. Nbd2 Nbd7 7. e4 dxe4 8. Ng5 Rb8 9. Ngxe4 e6 10. a4 a6 11. Nc4 Nxe4 12. dxe4 Qc7 13. Qe2 Be7 14. Bf4 e5 15. Bd2 0-0 16. Ne3 Bg5 17. Nd5 Bxd5 18. Be3 Bf4 19. Bxf4 Bb7 20. Bg5 Rfe8 21. Rfd1 Nf8 22. Qd3 Qd6 1-0